[Event "Titled Tue 10th Jun Late"]
[Site "chess.com INT"]
[Date "2025.06.10"]
[Round "5"]
[White "Kilic, Eray"]
[Black "Shuvalova, Polina"]
[Result "1-0"]
[WhiteTitle "IM"]
[BlackTitle "IM"]
[WhiteElo "2474"]
[BlackElo "2480"]
[WhiteFideId "44517173"]
[BlackFideId "24171760"]
[EventDate "2025.06.10"]

1. e4 c6 2. Nc3 d5 3. Nf3 Bg4 4. h3 Bxf3 5. Qxf3 e6 6. d4 dxe4 7. Nxe4 Be7 8.
Bd3 Nf6 9. Nxf6+ Bxf6 10. c3 Nd7 11. O-O O-O 12. Qe4 g6 13. Bf4 Bg7 14. Rad1 Re8
15. Rfe1 a5 16. Qf3 Qf6 17. Qg3 Qe7 18. Bd6 Qd8 19. Bc2 Nf6 20. Bc7 Qd7 21. Be5
Nd5 22. c4 Nb4 23. Bb1 Bxe5 24. dxe5 Qe7 25. Rd6 Red8 26. Red1 Na6 27. Qa3 Qc7
28. h4 h5 29. g4 Rxd6 30. exd6 Qd8 31. Qg3 hxg4 32. Qxg4 Qf6 33. h5 g5 34. Rd3
Kg7 35. d7 Nc5 36. Rf3 Qe5 37. h6+ Kh8 38. Rxf7 Rd8 39. Qf3 Nxd7 40. Rxd7 1-0

[Event "Titled Tue 10th Jun Late"]
[Site "chess.com INT"]
[Date "2025.06.10"]
[Round "5"]
[White "Nalbandyan, Vahan"]
[Black "Saidov, Bilukhadzh"]
[Result "0-1"]
[WhiteTitle "CM"]
[BlackTitle "FM"]
[WhiteElo "2155"]
[BlackElo "2309"]
[WhiteFideId "13309439"]
[BlackFideId "34165476"]
[EventDate "2025.06.10"]

1. d4 d5 2. c4 e6 3. Nc3 Nf6 4. cxd5 exd5 5. Bg5 c6 6. e3 Bd6 7. Bd3 O-O 8. h3
Re8 9. Nge2 Nbd7 10. Qc2 Nf8 11. O-O-O a5 12. e4 dxe4 13. Nxe4 Be7 14. N2g3 Nxe4
15. Bxe7 Qxe7 16. Bxe4 Be6 17. Kb1 a4 18. Rhe1 a3 19. b3 Rad8 20. h4 h6 21. h5
Qf6 22. Qc3 c5 23. Qxc5 Qxf2 24. Ne2 Bg4 25. Qc2 Rxe4 26. Qxe4 Bf5 27. Qxf5
Qxf5+ 28. Kc1 Rc8+ 29. Kd2 Qg5+ 30. Kd3 Ne6 31. Rf1 Qxh5 32. Rf3 Qb5+ 33. Kd2
Qb4+ 34. Kd3 Rd8 35. Ke3 Nc7 0-1

[Event "Titled Tue 10th Jun Late"]
[Site "chess.com INT"]
[Date "2025.06.10"]
[Round "5"]
[White "Garzon Zapatanga, Christopher Leonel"]
[Black "Daspres, Loic"]
[Result "1-0"]
[WhiteTitle "FM"]
[BlackTitle "CM"]
[WhiteElo "2155"]
[BlackElo "2207"]
[WhiteFideId "3634787"]
[BlackFideId "20612281"]
[EventDate "2025.06.10"]

1. b3 Nf6 2. Bb2 Nc6 3. Nf3 d6 4. d4 d5 5. Nbd2 Bf5 6. g3 Qd7 7. a3 h5 8. h4 Ne4
9. Bg2 O-O-O 10. O-O f6 11. c4 g5 12. cxd5 Qxd5 13. hxg5 fxg5 14. Nxg5 h4 15.
Ngxe4 h3 16. Bf3 Bh6 17. Nc5 Qd6 18. Nc4 Qg6 19. Nxb7 Be4 20. Nxd8 Rxd8 21. Kh2
Bg7 22. d5 Bxb2 23. Nxb2 Ne5 24. Bxe4 Qxe4 25. f3 Ng4+ 26. Kh1 Qe3 27. Qe1 Ne5
28. Nc4 Nxc4 29. bxc4 h2 30. Qf2 Qg5 31. Rab1 Rh8 32. f4 Qg4 33. Qf3 Qg6 34. c5
Rh3 35. Rb3 Kd7 36. c6+ Ke8 37. f5 1-0

[Event "Titled Tue 10th Jun Late"]
[Site "chess.com INT"]
[Date "2025.06.10"]
[Round "5"]
[White "Naroditsky, Daniel"]
[Black "Tanriverdi, Enes"]
[Result "1-0"]
[WhiteTitle "GM"]
[BlackTitle "IM"]
[WhiteElo "2619"]
[BlackElo "2413"]
[WhiteFideId "2026961"]
[BlackFideId "34543279"]
[EventDate "2025.06.10"]

1. e4 c5 2. c3 e6 3. d4 d5 4. e5 Bd7 5. Nf3 Qb6 6. Bd3 Nc6 7. dxc5 Bxc5 8. O-O
a5 9. a4 f6 10. Qe2 fxe5 11. Nxe5 Nxe5 12. Qxe5 Nf6 13. Qe2 O-O 14. Nd2 e5 15.
Qxe5 Bxf2+ 16. Kh1 Rae8 17. Qg5 h6 18. Qg6 Bg4 19. Bb5 Bh5 20. Qd3 Be2 21. Qxe2
Rxe2 22. Bxe2 Be3 23. Bf3 Ne4 24. Bxe4 Rxf1+ 25. Nxf1 Bxc1 26. Bxd5+ Kh8 27.
Rxc1 Qxb2 28. Re1 Qxc3 29. Re8+ Kh7 30. Bg8+ Kg6 31. Re6+ Kg5 32. h4+ Kxh4 33.
Rg6 Qe1 34. Bc4 b5 35. axb5 a4 36. Kh2 a3 37. b6 Qb4 38. Ne3 Qc3 39. Be2 Qe5+
40. g3+ Qxg3+ 41. Rxg3 1-0

[Event "Titled Tue 10th Jun Late"]
[Site "chess.com INT"]
[Date "2025.06.10"]
[Round "5"]
[White "Jasinski, Alexander"]
[Black "Lin, Bryan Enming"]
[Result "0-1"]
[BlackTitle "FM"]
[WhiteElo "1989"]
[BlackElo "2343"]
[WhiteFideId "55627994"]
[BlackFideId "30987121"]
[EventDate "2025.06.10"]

1. e4 e5 2. Nf3 Nc6 3. Bb5 a6 4. Ba4 Nf6 5. O-O Be7 6. Re1 b5 7. Bb3 d6 8. a4
Bd7 9. c3 O-O 10. d4 h6 11. Nbd2 Qb8 12. Nf1 Re8 13. axb5 axb5 14. Rxa8 Qxa8 15.
Ng3 Bf8 16. Bc2 Bg4 17. d5 Ne7 18. h3 Bd7 19. Nh4 g5 20. Nf3 Ng6 21. Be3 c6 22.
dxc6 Bxc6 23. Qb1 Nf4 24. Bxf4 exf4 25. Nf5 Bxe4 26. Bxe4 Rxe4 27. Rxe4 Nxe4 28.
N3d4 d5 29. Nxb5 Qa6 30. Nfd4 h5 31. Qd1 Qg6 32. Qd3 g4 33. hxg4 hxg4 34. Ne2 f3
35. Ned4 g3 36. fxg3 f2+ 37. Kf1 Nxg3+ 38. Kxf2 Qxd3 0-1

[Event "Titled Tue 10th Jun Late"]
[Site "chess.com INT"]
[Date "2025.06.10"]
[Round "5"]
[White "Mullodzhanov, Nathaniel"]
[Black "Donoso Aguirre, Maximiliano"]
[Result "1-0"]
[BlackTitle "CM"]
[WhiteElo "1927"]
[BlackElo "2050"]
[WhiteFideId "30961580"]
[BlackFideId "3458920"]
[EventDate "2025.06.10"]

1. e4 e5 2. Nf3 Nc6 3. d4 exd4 4. Nxd4 Nf6 5. Nc3 Bb4 6. Nxc6 bxc6 7. Bd3 d5 8.
exd5 cxd5 9. O-O O-O 10. h3 c6 11. Qf3 Bb7 12. Bg5 h6 13. Bh4 Be7 14. Rfe1 Re8
15. Rad1 Qd7 16. Bf5 Qc7 17. Bg3 Bd6 18. Bh4 Bh2+ 19. Kh1 Be5 20. Na4 c5 21.
Rxe5 Qxe5 22. Nxc5 Bc6 23. c3 Ne4 24. Nd3 Qc7 25. Qg4 g5 26. Bg3 Nxg3+ 27. fxg3
Re3 28. Qh5 Kg7 29. g4 Be8 30. Nb4 Re5 31. Nxd5 Qc6 32. Nb4 Qa4 33. b3 Qxb4 34.
cxb4 f6 35. Rd7+ Bxd7 36. Qg6+ 1-0

[Event "Titled Tue 10th Jun Late"]
[Site "chess.com INT"]
[Date "2025.06.10"]
[Round "5"]
[White "Sarkar, Justin"]
[Black "Aung Thant Zin"]
[Result "1-0"]
[WhiteTitle "IM"]
[BlackTitle "FM"]
[WhiteElo "2284"]
[BlackElo "2268"]
[WhiteFideId "2010011"]
[BlackFideId "13000063"]
[EventDate "2025.06.10"]

1. d4 Nf6 2. c4 e6 3. Nf3 b6 4. g3 Ba6 5. Qb3 c5 6. Bg2 Nc6 7. Qa4 Bb7 8. Ne5
Qc8 9. Nxc6 Bxc6 10. Bxc6 dxc6 11. dxc5 Bxc5 12. O-O O-O 13. Nc3 Rd8 14. Bg5 Be7
15. Rad1 Rxd1 16. Rxd1 h6 17. Bf4 Qb7 18. Bd6 c5 19. Bxe7 Qxe7 20. e4 a6 21. e5
Nh7 22. Rd7 Qg5 23. f4 Qg4 24. Qc6 Rf8 25. Qxb6 Qf3 26. Qxc5 g5 27. Qf2 Qc6 28.
Rd4 Qb7 29. Ne4 Rc8 30. Nd6 Qb8 31. Nxc8 Qxc8 32. Qd2 Nf8 33. b4 Qb7 34. c5 Qf3
35. Rd3 1-0

[Event "Titled Tue 10th Jun Late"]
[Site "chess.com INT"]
[Date "2025.06.10"]
[Round "5"]
[White "Yanev, Tihomir"]
[Black "Puzyrevsky, Semyon"]
[Result "0-1"]
[WhiteTitle "IM"]
[BlackTitle "FM"]
[WhiteElo "2354"]
[BlackElo "2292"]
[WhiteFideId "2910110"]
[BlackFideId "24240931"]
[EventDate "2025.06.10"]

1. e4 c5 2. Nc3 b6 3. f4 Bb7 4. Nf3 g6 5. d3 Bg7 6. g3 e6 7. Bg2 Ne7 8. O-O O-O
9. Bd2 d5 10. e5 Nd7 11. Ne2 b5 12. d4 cxd4 13. Nexd4 a6 14. g4 Nc5 15. f5 exf5
16. gxf5 Nxf5 17. Nxf5 gxf5 18. Nd4 Ne4 19. Nxf5 Bxe5 20. Bh6 Qb6+ 21. Kh1 Kh8
22. Bxf8 Rxf8 23. Qh5 d4 24. Rae1 Nf6 25. Qh6 Bxg2+ 26. Kxg2 Rg8+ 27. Kh3 Qc6
28. Rf2 Qe6 29. Qh4 Rg4 30. Qxg4 Nxg4 31. Kxg4 Qg6+ 32. Kh3 f6 33. Ng3 h5 34.
Ree2 Qg4+ 35. Kg2 h4 36. Re4 Qg5 37. Rf5 Qd2+ 38. Rf2 Qh6 39. Nf5 Qg5+ 40. Kf1
h3 41. Rh4+ Kg8 42. Rxh3 Kf7 43. Rd3 Qc1+ 44. Kg2 Qxb2 45. Ng3 Qxa2 46. Rdf3 Qd5
47. Nh5 d3 48. cxd3 Bd4 49. Nf4 Qg5+ 50. Rg3 Bxf2 51. Rxg5 fxg5 52. Nd5 Bd4 53.
Kf3 a5 54. Ke4 Bg1 55. Nc7 b4 56. Nb5 Bxh2 57. d4 b3 58. d5 a4 59. Nc3 a3 60.
Kd3 a2 61. Nxa2 bxa2 0-1

[Event "Titled Tue 10th Jun Late"]
[Site "chess.com INT"]
[Date "2025.06.10"]
[Round "5"]
[White "Liu, Jason"]
[Black "Przybylski, Bartosz"]
[Result "0-1"]
[WhiteTitle "CM"]
[BlackTitle "CM"]
[WhiteElo "2125"]
[BlackElo "2101"]
[WhiteFideId "2514656"]
[BlackFideId "21878323"]
[EventDate "2025.06.10"]

1. e4 d6 2. b3 Nf6 3. Bb2 Nxe4 4. Nf3 Nf6 5. d4 g6 6. Bd3 Bg7 7. Nbd2 O-O 8. c4
c5 9. Qc2 Nc6 10. a3 cxd4 11. Nxd4 Nxd4 12. Bxd4 d5 13. c5 e5 14. Bb2 e4 15. Be2
Bf5 16. Qd1 d4 17. g4 d3 18. gxf5 dxe2 19. Qxe2 Qd5 20. O-O-O Qxc5+ 21. Kb1 Qxf5
22. Ka2 Rac8 23. Nc4 Qf3 24. Qd2 b5 25. Ne5 Qf5 26. Rhg1 e3 27. Qxe3 Rc2 28. f4
Rxh2 29. Qxa7 Qc2 30. Rb1 Ne4 31. Qd4 Nd2 32. Rbc1 Qxb3+ 33. Ka1 Nc4 34. Nxc4
Bxd4 35. Bxd4 Qa2# 0-1

[Event "Titled Tue 10th Jun Late"]
[Site "chess.com INT"]
[Date "2025.06.10"]
[Round "5"]
[White "Kjaergaard-Jensen, Jesper"]
[Black "Shi, Roger V"]
[Result "0-1"]
[WhiteTitle "CM"]
[WhiteElo "2081"]
[BlackElo "2137"]
[WhiteFideId "1406990"]
[BlackFideId "30980119"]
[EventDate "2025.06.10"]

1. d4 d5 2. Nf3 Nf6 3. Bg5 c5 4. c3 Nc6 5. e3 cxd4 6. exd4 Bf5 7. Nbd2 e6 8. Qb3
Qc7 9. Bb5 Be7 10. O-O O-O 11. Bh4 a6 12. Bg3 Bd6 13. Bxd6 Qxd6 14. Be2 b5 15.
Rfe1 Na5 16. Qd1 Nc4 17. Qc1 Rfc8 18. Nxc4 bxc4 19. Nh4 Bg6 20. Nxg6 hxg6 21.
Bf3 Rab8 22. Rb1 Qc6 23. a3 a5 24. g4 Rb3 25. Ra1 Rcb8 26. Ra2 Nd7 27. Bd1 R3b6
28. f4 Qd6 29. Rf1 Nf6 30. Bf3 R8b7 31. Rf2 Ne4 32. Rc2 f5 33. Bxe4 fxe4 34. Qe3
Rf7 35. Rf2 Qc6 36. Ra1 Qb5 37. Raf1 Qd7 38. h4 Kf8 39. f5 gxf5 40. gxf5 exf5
41. Qg5 Rbf6 42. Rg2 Ke7 43. Rf4 Qe6 44. Qh5 Rh6 45. Qe2 Qf6 46. Qe3 Rxh4 47.
Rxh4 Qxh4 48. Rxg7 Rxg7+ 0-1

[Event "Titled Tue 10th Jun Late"]
[Site "chess.com INT"]
[Date "2025.06.10"]
[Round "5"]
[White "Sethuraman, Roshan"]
[Black "Zepeda Berlanga, Jan Enrique"]
[Result "1-0"]
[BlackTitle "CM"]
[WhiteElo "2074"]
[BlackElo "1984"]
[WhiteFideId "30965250"]
[BlackFideId "5132355"]
[EventDate "2025.06.10"]

1. e4 e5 2. Nf3 Nc6 3. Bb5 a6 4. Ba4 d6 5. O-O Bg4 6. c3 Qf6 7. h3 h5 8. Qe2 g5
9. d3 Ne7 10. b4 Ng6 11. hxg4 hxg4 12. Nh2 Nf4 13. Bxf4 gxf4 14. Qxg4 Qh6 15.
Qh3 Qg7 16. Qf3 Qh6 17. Re1 Qxh2+ 18. Kf1 Rg8 19. Nd2 Be7 20. Ke2 Qxg2 21. Qxg2
Rxg2 22. Rg1 Rxg1 23. Rxg1 O-O-O 24. Bb3 Rf8 25. Rg7 Nd8 26. Nf3 Kd7 27. d4 Bf6
28. Rh7 Ke7 29. dxe5 dxe5 30. Rh5 Kd6 31. Rh1 Ke7 32. Rd1 Ne6 33. Rd5 Rd8 34.
Kd3 c6 35. Rxd8 Nxd8 36. a4 Ne6 37. Bc4 Nc7 38. a5 Kd6 39. Nd2 Nb5 40. Bxf7 Bh4
41. f3 Be1 42. Bh5 Bxd2 43. Kxd2 Na3 44. Kd3 Nb5 45. Bg4 Nc7 46. Kc4 Nb5 47. Bc8
Nc7 48. Bxb7 Kd7 49. Kc5 Ke7 50. Bxc6 Nb5 51. Bxb5 1-0

[Event "Titled Tue 10th Jun Late"]
[Site "chess.com INT"]
[Date "2025.06.10"]
[Round "5"]
[White "Stankovic, Boris"]
[Black "Yeganegi, Barad"]
[Result "0-1"]
[WhiteTitle "FM"]
[BlackTitle "FM"]
[WhiteElo "2298"]
[BlackElo "2400"]
[WhiteFideId "985317"]
[BlackFideId "42516340"]
[EventDate "2025.06.10"]

1. e4 e5 2. Nf3 Nc6 3. Bc4 Nf6 4. d4 exd4 5. e5 d5 6. Bb5 Ne4 7. Nxd4 Bc5 8. Be3
Bd7 9. Bxc6 bxc6 10. O-O O-O 11. f3 Ng5 12. f4 Ne4 13. Nd2 f5 14. Nxe4 fxe4 15.
Qd2 Rb8 16. Nb3 Bxe3+ 17. Qxe3 Rb6 18. Rad1 Qe7 19. Qc3 Bg4 20. Rde1 c5 21. Qxc5
Qxc5+ 22. Nxc5 Rxb2 23. h3 Bc8 24. Rf2 h5 25. c3 Rb5 26. Nb3 c5 27. Rd1 e3 28.
Re2 Be6 29. g3 h4 30. Kh2 g5 31. Rxe3 gxf4 32. gxf4 Rxf4 33. Rg1+ Kf7 34. Re2 d4
35. cxd4 cxd4 36. Nd2 Rb2 37. Reg2 Bd5 38. Rg7+ Kf8 0-1

[Event "Titled Tue 10th Jun Late"]
[Site "chess.com INT"]
[Date "2025.06.10"]
[Round "5"]
[White "Adamson, Robby"]
[Black "Turcsanyi, Vince Gergo"]
[Result "0-1"]
[WhiteTitle "FM"]
[BlackTitle "FM"]
[WhiteElo "2226"]
[BlackElo "2312"]
[WhiteFideId "2009730"]
[BlackFideId "791784"]
[EventDate "2025.06.10"]

1. e4 d6 2. d4 Nf6 3. Nc3 c6 4. f4 Qa5 5. Bd3 e5 6. Nf3 Nbd7 7. O-O Be7 8. Qe1
O-O 9. Nd5 Qd8 10. Nxe7+ Qxe7 11. dxe5 dxe5 12. fxe5 Nxe5 13. Nxe5 Qxe5 14. Bf4
Qxb2 15. e5 Qd4+ 16. Kh1 Nd5 17. Rd1 Qb4 18. Qh4 g6 19. Qh6 Re8 20. c4 Nxf4 21.
Rxf4 Qf8 22. Qg5 Qg7 23. Rf6 Be6 24. Re1 Rad8 25. Bf1 Bf5 26. Qh4 c5 27. g4 Rd4
28. h3 Be4+ 29. Kg1 Bd3 30. e6 fxe6 31. Rfxe6 Rxe6 32. Rxe6 Qf7 33. Rf6 Qd7 34.
Bg2 Bxc4 35. Qh6 Rd1+ 36. Kf2 Qd2+ 37. Kg3 Qxh6 38. Bxb7 Qe3+ 39. Kh4 Qh6+ 40.
Kg3 Rd3+ 41. Kf2 Qe3+ 42. Kg2 Qg3+ 43. Kf1 Rd1# 0-1

[Event "Titled Tue 10th Jun Late"]
[Site "chess.com INT"]
[Date "2025.06.10"]
[Round "5"]
[White "Ozen, Batuhan"]
[Black "Bongo Akanga Ndjila, Barthelemy"]
[Result "1-0"]
[WhiteTitle "CM"]
[BlackTitle "CM"]
[WhiteElo "2128"]
[BlackElo "1847"]
[WhiteFideId "6345123"]
[BlackFideId "10609431"]
[EventDate "2025.06.10"]

1. d4 d5 2. Nf3 Nf6 3. g3 e6 4. Bg2 Bd6 5. O-O O-O 6. c4 b5 7. cxb5 a6 8. bxa6
Bxa6 9. Re1 c5 10. dxc5 Bxc5 11. a3 Qb6 12. e3 Ne4 13. b4 Be7 14. Bb2 Bf6 15.
Bxf6 Nxf6 16. Qd4 Qd8 17. Nbd2 Nbd7 18. a4 Rc8 19. b5 Bb7 20. a5 Qe7 21. Reb1 e5
22. Qb4 Qe6 23. a6 Ba8 24. b6 Bc6 25. b7 Rb8 26. Nb3 Ne4 27. Na5 Ndc5 28. a7
Rxb7 29. Nxb7 Bxb7 30. Qxb7 Nxb7 31. a8=Q Nbc5 32. Rb8 Nd7 33. Rxf8+ Nxf8 34.
Rb1 Nf6 35. Rb8 Nd7 36. Rd8 Qd6 37. Ng5 d4 38. Qd5 Qc7 39. Qxf7+ 1-0

[Event "Titled Tue 10th Jun Late"]
[Site "chess.com INT"]
[Date "2025.06.10"]
[Round "5"]
[White "George, Kevin"]
[Black "Andrade, Ivan"]
[Result "1-0"]
[WhiteTitle "IM"]
[BlackTitle "FM"]
[WhiteElo "2327"]
[BlackElo "2144"]
[WhiteFideId "10669515"]
[BlackFideId "14800039"]
[EventDate "2025.06.10"]

1. Nf3 Nf6 2. c4 g6 3. g3 Bg7 4. Bg2 O-O 5. O-O d6 6. d4 c6 7. Nc3 Be6 8. b3 Qc8
9. e4 Bh3 10. Qe2 Bxg2 11. Kxg2 Nfd7 12. Bg5 Re8 13. Rad1 e5 14. d5 c5 15. h4 h6
16. Be3 a6 17. a4 Nf8 18. Nh2 f5 19. h5 f4 20. gxf4 exf4 21. Bd2 g5 22. Ng4 Nbd7
23. f3 Nh7 24. Rde1 Nhf6 25. Nxf6+ Nxf6 26. Rh1 Qd7 27. Reg1 Qf7 28. Rh3 Nxh5
29. Rgh1 Ng3 30. Rxg3 fxg3 31. Nd1 Rf8 32. Ne3 Rae8 33. Qf1 Qg6 34. Qd3 h5 35.
Nf5 h4 36. Be3 Qf6 37. Qd2 g4 38. fxg4 Qb2 39. Qxb2 Bxb2 40. Nxd6 Re7 41. Rxh4
Be5 42. Nf5 Rh7 43. Rxh7 Kxh7 44. Bxc5 Kg6 45. Bxf8 Bf4 46. Bb4 Kf7 47. Be1 Bc1
48. Bxg3 Bb2 49. e5 Kg6 50. e6 Ba3 51. e7 Kf7 52. d6 Ke8 53. g5 Kf7 54. g6+ Ke8
55. g7 1-0

[Event "Titled Tue 10th Jun Late"]
[Site "chess.com INT"]
[Date "2025.06.10"]
[Round "5"]
[White "Cori Quispe, Kevin Joel"]
[Black "Vasquez Schroeder, Rodrigo"]
[Result "0-1"]
[WhiteTitle "GM"]
[BlackTitle "GM"]
[WhiteElo "2464"]
[BlackElo "2446"]
[WhiteFideId "3814017"]
[BlackFideId "3400042"]
[EventDate "2025.06.10"]

1. d4 Nf6 2. c4 e6 3. Nc3 Bb4 4. a3 Bxc3+ 5. bxc3 Nc6 6. f3 h6 7. e4 d6 8. Bd3
b6 9. Be3 e5 10. Ne2 Na5 11. c5 O-O 12. cxd6 cxd6 13. O-O Qc7 14. Kh1 Nc4 15.
Bc1 Be6 16. d5 Bd7 17. g4 Nh7 18. h4 Rac8 19. Rg1 Qd8 20. Qe1 Re8 21. Qg3 Nf8
22. Rg2 Ng6 23. Rh2 Qe7 24. h5 Nf4 25. Nxf4 exf4 26. Bxf4 Qf6 27. Rc1 Ne5 28.
Be2 Qe7 29. g5 hxg5 30. Bxg5 f6 31. Bf4 Kh8 32. c4 Rc7 33. Rg2 Rec8 34. Qh4 Nxc4
35. Rcg1 Be8 36. Rg6 Ne5 37. Bxe5 Qxe5 38. h6 Bxg6 39. Rxg6 Kg8 40. Qg4 f5 41.
Qg5 fxe4 42. Qg4 exf3 43. Rxg7+ Kh8 44. Bd3 Rc1+ 0-1

[Event "Titled Tue 10th Jun Late"]
[Site "chess.com INT"]
[Date "2025.06.10"]
[Round "5"]
[White "Fomevor, Cephas Clinton"]
[Black "Montano Vicente, Guadalupe"]
[Result "0-1"]
[WhiteTitle "CM"]
[WhiteElo "1883"]
[BlackElo "1938"]
[WhiteFideId "12601330"]
[BlackFideId "5181399"]
[EventDate "2025.06.10"]

1. Nf3 c5 2. g3 g6 3. Bg2 Bg7 4. O-O Nf6 5. d3 d5 6. Nbd2 O-O 7. e4 Nc6 8. Re1
dxe4 9. dxe4 Bg4 10. h3 Bxf3 11. Qxf3 Nd7 12. Nf1 Nd4 13. Qd1 e5 14. c3 Ne6 15.
h4 c4 16. Ne3 Nb6 17. Qe2 Rc8 18. h5 Nc5 19. Rd1 Qe7 20. Nxc4 Nxc4 21. Qxc4 gxh5
22. Rd5 h4 23. Be3 Ne6 24. Qb3 hxg3 25. fxg3 b6 26. Rad1 Qf6 27. Qc2 Qg6 28. Rd6
Qxg3 29. Qf2 Qxf2+ 30. Bxf2 Nf4 31. Rd7 Nxg2 32. Kxg2 a5 33. Bg3 Rc6 34. a3 Rg6
35. Kh3 Bf6 36. R7d6 h6 37. Kg2 Kh7 38. Kf3 Rfg8 39. Bf2 Bg5 40. Rg1 Rxd6 0-1

[Event "Titled Tue 10th Jun Late"]
[Site "chess.com INT"]
[Date "2025.06.10"]
[Round "5"]
[White "Mekhitarian, Krikor Sevag"]
[Black "Aliyev, Elnur"]
[Result "1-0"]
[WhiteTitle "GM"]
[BlackTitle "CM"]
[WhiteElo "2564"]
[BlackElo "2123"]
[WhiteFideId "2107660"]
[BlackFideId "13402617"]
[EventDate "2025.06.10"]

1. Nf3 g6 2. e4 Bg7 3. d4 d6 4. c4 Bg4 5. Be2 Bxf3 6. Bxf3 c5 7. d5 Nd7 8. O-O
Ngf6 9. Nc3 O-O 10. Be2 a6 11. a4 Ne8 12. f4 Rb8 13. Kh1 Nc7 14. Be3 e6 15. dxe6
Nxe6 16. Qxd6 Nd4 17. Bxd4 Bxd4 18. e5 Nb6 19. Qxd8 Rfxd8 20. a5 Bxc3 21. bxc3
Rd2 22. Rfe1 Nd7 23. Bf3 Nf8 24. Rab1 Ne6 25. g3 Rd3 26. Rxb7 Rxb7 27. Bxb7 Rxc3
28. Ra1 Nc7 29. Rd1 Ra3 30. Rd7 Ne6 31. Bxa6 Rxa5 32. Bb5 Ra2 33. Bc6 Nd4 34.
Bd5 Kg7 35. Rxf7+ Kh6 36. Rc7 Re2 37. Rxc5 Kh5 38. Ra5 Kg4 39. Bg2 Re1+ 40. Bf1
Rxf1+ 41. Kg2 Re1 42. e6 Rxe6 43. h3# 1-0

[Event "Titled Tue 10th Jun Late"]
[Site "chess.com INT"]
[Date "2025.06.10"]
[Round "5"]
[White "Csonka, Balazs"]
[Black "Hobaica, Juan Pablo"]
[Result "1-0"]
[WhiteTitle "IM"]
[BlackTitle "IM"]
[WhiteElo "2467"]
[BlackElo "2386"]
[WhiteFideId "742910"]
[BlackFideId "104159"]
[EventDate "2025.06.10"]

1. d4 Nf6 2. c4 e6 3. Nf3 b6 4. g3 Ba6 5. Qc2 Bb7 6. Bg2 Bb4+ 7. Bd2 Bxd2+ 8.
Nbxd2 c5 9. e4 cxd4 10. Nxd4 O-O 11. O-O Nc6 12. Nxc6 Bxc6 13. Rfd1 Qc7 14. Qc3
e5 15. Qe3 Rfe8 16. Rac1 d6 17. Nb1 Nd7 18. Nc3 Nc5 19. Bh3 Ne6 20. Bxe6 fxe6
21. Rd2 Rad8 22. b3 Rd7 23. h4 Red8 24. Kh2 Qb7 25. Rcd1 a6 26. f3 b5 27. cxb5
axb5 28. b4 Qb8 29. a4 d5 30. exd5 exd5 31. Nxb5 Bxb5 32. axb5 d4 33. Qg5 h6 34.
Qf5 Rd5 35. Re1 Qxb5 36. f4 exf4 37. Qxf4 Rf8 38. Qe4 Rd6 39. Rxd4 Rxd4 40. Qxd4
Rf2+ 41. Qxf2 Qxb4 42. Re8+ Kh7 43. Qf5+ g6 44. Qf7# 1-0

[Event "Titled Tue 10th Jun Late"]
[Site "chess.com INT"]
[Date "2025.06.10"]
[Round "5"]
[White "Watanabe, Akira"]
[Black "Shapiro, Daniel"]
[Result "1-0"]
[WhiteTitle "FM"]
[BlackTitle "FM"]
[WhiteElo "2284"]
[BlackElo "2284"]
[WhiteFideId "7000227"]
[BlackFideId "2001780"]
[EventDate "2025.06.10"]

1. d4 Nf6 2. c4 e6 3. Nc3 Bb4 4. e3 O-O 5. Bd3 d5 6. cxd5 exd5 7. Ne2 c6 8. O-O
Re8 9. Bd2 Bd6 10. f3 Qc7 11. h3 Bf8 12. Rc1 Nbd7 13. e4 dxe4 14. fxe4 c5 15. e5
Nh5 16. Nf4 Nxf4 17. Bxf4 Nb6 18. d5 Rxe5 19. Nb5 Qe7 20. d6 Qf6 21. Bxe5 Qxe5
22. Qc2 g6 23. Rce1 Qg3 24. Nc7 Rb8 25. Ne8 Be6 26. Nf6+ Kh8 27. Ne4 Qh4 28.
Qxc5 Rd8 29. Qc7 Nc8 30. g3 Qxh3 31. Qxd8 Kg7 32. Qf6+ Kg8 33. Qf3 Nxd6 34. Nf6+
Kg7 35. Re2 Nf5 36. Bxf5 Bc5+ 37. Re3 Bxf5 38. Nd5 1-0

[Event "Titled Tue 10th Jun Late"]
[Site "chess.com INT"]
[Date "2025.06.10"]
[Round "5"]
[White "Walmer, Benjamin"]
[Black "Sakhayi, Mostafa"]
[Result "1-0"]
[BlackTitle "CM"]
[WhiteElo "1990"]
[BlackElo "2166"]
[WhiteFideId "30958164"]
[BlackFideId "12512532"]
[EventDate "2025.06.10"]

1. e4 e5 2. Nf3 Nc6 3. Bb5 a6 4. Ba4 Nf6 5. O-O Be7 6. Re1 b5 7. Bb3 d6 8. a4
Bg4 9. c3 O-O 10. h3 Bxf3 11. Qxf3 Na5 12. Bc2 b4 13. d4 b3 14. Bd3 c5 15. dxc5
dxc5 16. Nd2 Qc7 17. Nc4 Nc6 18. Bg5 Rfd8 19. Bf1 h6 20. Bh4 Nh7 21. Bg3 Ng5 22.
Qg4 Bf6 23. Ne3 Rd2 24. Nd5 Qd6 25. Nb6 Rd8 26. Nc4 Qc7 27. Nxd2 Rxd2 28. Re2
Rd8 29. Re3 Rd2 30. Re2 Rd8 31. Rb1 Ne6 32. Ree1 Qa5 33. Bc4 Ng5 34. Bxb3 c4 35.
Bxc4 Qxa4 36. Bd5 Ne7 37. h4 Nh7 38. Qf3 Nxd5 39. exd5 1-0

[Event "Titled Tue 10th Jun Late"]
[Site "chess.com INT"]
[Date "2025.06.10"]
[Round "5"]
[White "Lizak, Jakub"]
[Black "Gokerkan, Cem Kaan"]
[Result "0-1"]
[WhiteTitle "CM"]
[BlackTitle "GM"]
[WhiteElo "2219"]
[BlackElo "2489"]
[WhiteFideId "1158520"]
[BlackFideId "6336760"]
[EventDate "2025.06.10"]

1. e4 c5 2. Nf3 e6 3. g3 d5 4. exd5 exd5 5. Qe2+ Be7 6. Bg2 Nf6 7. O-O O-O 8. d4
Nc6 9. dxc5 Bxc5 10. Nc3 Re8 11. Qd3 Nb4 12. Qb5 Qb6 13. Qxb6 axb6 14. Bg5 Ne4
15. a3 Nxc2 16. Nxd5 Nxa1 17. Nc7 Bg4 18. Nxa8 Bxf3 19. Bxf3 Nxg5 20. Bxb7 Nb3
21. Kg2 g6 22. h4 Ne6 23. Bd5 Nbd4 24. b4 Bf8 25. Nxb6 Nc2 26. Nd7 Rd8 27. Bxe6
fxe6 28. Rd1 Kg7 29. b5 Bxa3 30. b6 Bc5 31. b7 Ba7 32. Rd2 Nb4 33. Rd6 Bb8 34.
Rd2 Nc6 35. Nxb8 Rxb8 36. Rd7+ Kg8 37. Rc7 Na7 38. Kf3 Rf8+ 0-1